[Event "Match Rapid"]
[Site "Sao Paulo BRA"]
[Date "2007.09.30"]
[Round "4"]
[White "Mecking,H"]
[Black "Diamant,A"]
[Result "1/2-1/2"]
[WhiteElo "2565"]
[BlackElo "2394"]

1.d4 Nf6 2.c4 g6 3.Nf3 Bg7 4.g3 d6 5.Bg2 O-O 6.O-O Nc6 7.Nc3 e5 8.d5 Ne7
9.e4 Nd7 10.Ne1 f5 11.Nd3 Nf6 12.f3 h6 13.Bd2 g5 14.exf5 Bxf5 15.Nf2 c6 16.dxc6 bxc6
17.f4 exf4 18.gxf4 g4 19.Be3 h5 20.Nfe4 Nxe4 21.Nxe4 d5 22.cxd5 cxd5 23.Ng3 Bxb2
24.Nxf5 Nxf5 25.Qxd5+ Kh8 26.Bf2 Qxd5 27.Bxd5 Rad8 28.Rad1 Ne7 29.Bc5 Rf5
30.Bxe7 Rdxd5 31.Rxd5 Rxd5 32.Kg2 Ra5 33.Rf2 Ba3 34.Bf6+ Kg8 35.h3  1/2-1/2

[Event "Open"]
[Site "Nelson NZL"]
[Date "2007.10.06"]
[Round "7"]
[White "Baider,D"]
[Black "Jones,B"]
[Result "1/2-1/2"]
[WhiteElo "2032"]
[BlackElo "2084"]

1.d4 d6 2.Nf3 Nf6 3.c4 g6 4.g3 Bg7 5.Bg2 O-O 6.O-O Nc6 7.Nc3 a6 8.e4 Bg4
9.h3 Bxf3 10.Bxf3 e5 11.d5 Nd4 12.Bg2 c5 13.dxc6 bxc6 14.Be3 Nd7 15.b4 Rb8
16.Rb1 Qe7 17.a4 Qe6 18.Qd3 Nb6 19.Rfc1 Qxc4 20.Qxc4 Nxc4 21.Bxd4 exd4 22.Nd1 Ne5
23.f4 Nd3 24.Rxc6 Nxb4 25.Rxd6 a5 26.Nf2 Nc2 27.Rc1 Ne3 28.Bf1 Rfc8 29.Rxc8+ Rxc8
30.Ng4 Bf8 31.Rb6 Rc1 32.Nxe3 dxe3 33.Rb2 Ra1  1/2-1/2

[Event "Open"]
[Site "Nelson NZL"]
[Date "2007.10.06"]
[Round "8"]
[White "Bennett,H"]
[Black "Smith,V"]
[Result "1-0"]
[WhiteElo "2137"]
[BlackElo "1825"]

1.Nf3 d6 2.d4 g6 3.g3 Bg7 4.Bg2 Nf6 5.c4 O-O 6.Nc3 c6 7.O-O Nbd7 8.e4 e5
9.h3 Qc7 10.Be3 Re8 11.Qc2 exd4 12.Nxd4 Nc5 13.Rfe1 Ne6 14.Nde2 h6 15.Rad1 Kh7
16.f4 Nd7 17.Rf1 Nd8 18.Qd2 Bf8 19.Nd4 Nc5 20.f5 Bg7 21.Bf4 Nd7 22.Nf3 Ne5
23.Nxe5 dxe5 24.Be3 Bf8 25.a3 b6 26.b4 Nb7 27.Qa2 g5 28.g4 f6 29.Kf2 Bd7
30.c5 Rad8 31.Qf7+ Bg7 32.h4 Rf8 33.Qa2 Be8 34.hxg5 fxg5 35.Kg3 Rxd1 36.Rxd1 Qf7
37.Qxf7 Rxf7 38.cxb6 a5 39.b5 cxb5 40.Nxb5 Bd7 41.Nd6 Nxd6 42.Rxd6 Bc8 43.Rd5 a4
44.Ra5 Bb7 45.Rxa4 Bf8 46.Ra7 Bd6 47.a4 Kg7 48.Kf3 Bb8 49.Ra5 Bd6 50.Bf1 Bb8
51.Bc5 Rd7 52.Ke3 Rd1 53.Be2 Rd7 54.Ba6 Bc6 55.Bc8 Rf7 56.Be6 Rb7 57.Bd5 Bxd5
58.exd5 Kf6 59.Rb5 h5 60.a5  1-0

[Event "FSIM October"]
[Site "Budapest HUN"]
[Date "2007.10.08"]
[Round "3"]
[White "Farago,S"]
[Black "Toth,E"]
[Result "0-1"]
[WhiteElo "2261"]
[BlackElo "2348"]

1.d4 Nf6 2.c4 g6 3.Nf3 Bg7 4.g3 O-O 5.Bg2 d6 6.Nc3 Nbd7 7.e4 e5 8.O-O exd4
9.Nxd4 Re8 10.h3 Nc5 11.Re1 c6 12.Bf4 Nh5 13.Be3 a5 14.Rc1 a4 15.Qd2 Nf6
16.Bf4 Nh5 17.Be3 Qb6 18.Kh2 Nf6 19.f3 Nfd7 20.f4 Qb4 21.a3 Qa5 22.Qc2 Nb6
23.Nce2 Qa6 24.Bf2 Qa5 25.Red1 Bd7 26.Be1 Qa6 27.Bb4 Nb3 28.Nxb3 axb3 29.Qxb3 c5
30.Rxd6 cxb4 31.axb4 Bf8 32.b5 Qa5 33.Rd3 Rac8 34.Qd1 Be6 35.b3 Qb4 36.Nd4 Rcd8
37.e5 Bc8 38.Qe2 h5 39.Rcd1 Qe7 40.c5 Qxc5 41.Ne6 Bxe6 42.Rxd8 Rxd8 43.Rxd8 Kg7
44.Rd2 Bxb3 45.Bxb7 Qc1 46.Be4 Bc5 47.h4 Qg1+ 48.Kh3 Be6+ 49.f5 gxf5 50.Bf3 f4+
51.g4 Qg3+  0-1

[Event "FSIM October"]
[Site "Budapest HUN"]
[Date "2007.10.09"]
[Round "4"]
[White "Ignacz,M"]
[Black "Farago,S"]
[Result "0-1"]
[WhiteElo "2223"]
[BlackElo "2261"]

1.d4 Nf6 2.c4 g6 3.Nf3 Bg7 4.g3 d6 5.Bg2 O-O 6.O-O Nbd7 7.Nc3 e5 8.e4 exd4
9.Nxd4 Re8 10.h3 Nc5 11.Re1 c6 12.Bf4 Nh5 13.Be3 a5 14.Qd2 Nf6 15.f3 a4 16.Rad1 Qa5
17.Bf2 Nfd7 18.f4 Nb6 19.b3 Qb4 20.e5 axb3 21.axb3 dxe5 22.Nc2 Qxb3 23.Bxc5 Nxc4
24.Qe2 Qxc3 25.Bb4 Qxg3 26.Qxc4 Bxh3 27.Qf1 Bxg2 28.Qxg2 Qxf4 29.Rf1 Qc4
30.Rd7 f6 31.Ne3 Qxb4 32.Nf5 Bf8 33.Qh3 Bc5+ 34.Kh1 Qe4+ 35.Qf3 Qxf3+ 36.Rxf3 gxf5
37.Rg3+ Kf8  0-1

[Event "IV Amateur Open"]
[Site "Calvia ESP"]
[Date "2007.10.10"]
[Round "5"]
[White "Penas Fuster,J"]
[Black "Munar Rossello,P"]
[Result "1/2-1/2"]
[WhiteElo "2158"]
[BlackElo "2075"]

1.Nf3 Nf6 2.g3 g6 3.Bg2 Bg7 4.d4 O-O 5.c4 d6 6.Nc3 Nc6 7.e4 e5 8.d5 Ne7 9.O-O Nh5
10.Bg5 h6 11.Be3 f5 12.b4 f4 13.Bd2 a5 14.a3 g5 15.Nxg5 axb4 16.Nb1 Nxd5
17.cxd5 Qxg5 18.Bxb4 fxg3 19.hxg3 Bg4 20.Qc2 Bf3 21.Bd2 Qg4 22.Qd3 Ra4 23.Nc3 Rd4
24.Qe3 Rxd2 25.Bxf3 Qxf3 26.Qxd2 Nf4 27.gxf4 Rxf4 28.Ne2 Rg4+ 29.Ng3 h5 30.Qd1 Rxg3+
31.fxg3 Qxg3+ 32.Kh1  1/2-1/2

[Event "WJun Girls"]
[Site "Yerevan ARM"]
[Date "2007.10.12"]
[Round "9"]
[White "Pertlova,S"]
[Black "Airapetian,Ta"]
[Result "1/2-1/2"]
[WhiteElo "2169"]
[BlackElo "2193"]

1.d4 Nf6 2.Nf3 g6 3.c4 Bg7 4.g3 O-O 5.Bg2 d6 6.Nc3 Nbd7 7.O-O e5 8.e4 a6
9.h3 Rb8 10.Be3 exd4 11.Nxd4 Ne5 12.b3 c5 13.Nde2 Nc6 14.Qc2 b5 15.Rad1 bxc4
16.Bxc5 cxb3 17.axb3 Ne8 18.Nd4 Ne5 19.Ba3 Be6 20.Nd5 Bxd5 21.exd5 Qb6 22.Qd2 Nc7
23.Nc6 Nxc6 24.dxc6 Rfd8 25.Bxd6 Nb5 26.c7 Nxc7 27.Bxc7 Qxc7 28.Qe3 Re8 29.Qd3 a5
30.Bd5 Be5 31.Kg2 Red8 32.Qc4 Qa7 33.f4 Bf6 34.Qe4 Re8 35.Qf3 Re3 36.Qf2 Rbe8
37.Rfe1 Bd4 38.Qd2 Bc5 39.Rxe3 Rxe3 40.Re1 Rxe1 41.Qxe1 Bd4 42.Qe4 Kg7 43.Bc4 Bc3
44.h4 Qd7 45.Qd5 Qe7 46.h5 Qf6  1/2-1/2

[Event "2nd MAIG Team Standard"]
[Site "Macau CHN"]
[Date "2007.10.30"]
[Round "5"]
[White "Perena,C"]
[Black "Sergeeva,M"]
[Result "0-1"]
[WhiteElo "2247"]
[BlackElo "2328"]

1.d4 Nf6 2.c4 g6 3.Nf3 Bg7 4.g3 O-O 5.Bg2 d6 6.O-O Nbd7 7.Nc3 e5 8.dxe5 dxe5
9.Qc2 c6 10.b3 Qe7 11.e4 a5 12.Bb2 Ne8 13.Rad1 Nc7 14.Qc1 Nc5 15.Ba3 N7a6
16.Qd2 Nb4 17.Ne1 Ne6 18.Nd3 Re8 19.Na4 Bf8 20.Bxb4 axb4 21.Qb2 f6 22.c5 Qc7
23.Nb6 Ra5 24.Nc4 Ra7 25.Nxb4 Bxc5 26.Nc2 Nd4 27.b4 Ne2+ 28.Kh1 Bd4 29.Nxd4 Nxd4
30.Ne3 Be6 31.a3 Raa8 32.Rd3 Qf7 33.f4 Bc4 34.Nxc4 Qxc4 35.Rc3 Qe2 36.Qc1 Qa2
37.Rc5 Qe6 38.fxe5 Nb3 39.Bh3 Qxh3 40.Qc4+ Kh8 41.exf6 Nd2  0-1

[Event "WYb18"]
[Site "Kemer TUR"]
[Date "2007.11.18"]
[Round "1"]
[White "Leon Hoyos,M"]
[Black "Schiendorfer,E"]
[Result "1-0"]
[WhiteElo "2495"]
[BlackElo "2163"]

1.d4 Nf6 2.c4 g6 3.Nf3 Bg7 4.g3 d6 5.Bg2 O-O 6.O-O Nbd7 7.b3 Rb8 8.Bb2 a6
9.Qd2 Re8 10.Rc1 Ne4 11.b4 b6 12.Rc2 Bxd4 13.Qxd4 Rb7 14.Qxd6 exd6 15.c5 Nexc5
16.bxc5 Rb8 17.cxb6 Rxb6 18.Bg7 Qe7 19.a4 Rb8 20.Rc3 Rb4 21.Re3 Kxg7 22.Rxe7 Kh6
23.Bf1 Rh8  1-0

[Event "WYb14"]
[Site "Kemer TUR"]
[Date "2007.11.19"]
[Round "2"]
[White "Klecker,T"]
[Black "Narayanan,Sr"]
[Result "0-1"]
[WhiteElo "2078"]
[BlackElo "2201"]

1.d4 Nf6 2.c4 g6 3.Nf3 Bg7 4.g3 O-O 5.Bg2 d6 6.O-O c6 7.Nc3 Qb6 8.e4 Bg4
9.h3 Bxf3 10.Bxf3 Nfd7 11.Ne2 c5 12.Be3 Qxb2 13.Rb1 Qxa2 14.dxc5 Ne5 15.Bg2 dxc5
16.Rxb7 Nbc6 17.Nc3 Qxc4 18.Nd5 e6 19.Nc7 Rad8 20.Qc1 Rd7 21.f4 Qxc1 22.Rxc1 Nd3
23.Rd1 Rc8 24.e5 Na5 25.Rxa7 Nc4 26.Bc1 Nb6 27.Rb7 Nxe5 28.Rxd7 Nexd7  0-1

[Event "WYb16"]
[Site "Kemer TUR"]
[Date "2007.11.20"]
[Round "3"]
[White "Arnold,M"]
[Black "Arenas,D"]
[Result "1/2-1/2"]
[WhiteElo "2294"]
[BlackElo "2184"]

1.d4 Nf6 2.c4 g6 3.Nf3 Bg7 4.g3 O-O 5.Bg2 d6 6.O-O Nbd7 7.Nc3 e5 8.e4 c6
9.Re1 Qb6 10.Na4 Qa5 11.Bd2 Qc7 12.c5 dxc5 13.dxc5 b5 14.cxb6 axb6 15.Qc2 Bb7
16.b3 Rfd8 17.h3 Nf8 18.Bc3 N6d7 19.Nb2 Ne6 20.a4 b5 21.Bf1 bxa4 22.Rxa4 Rxa4
23.Nxa4 c5 24.Bc4 Re8 25.Qd2 Nd4 26.Ng5 Re7 27.Qd3 h6 28.Nf3 Nf6 29.Nd2 Qc6
30.Rc1 Rd7 31.Qe3 Bf8 32.f3 Bc8 33.Kg2 Ba6 34.Nb2 Bxc4 35.Nbxc4 Qe6 36.Bb2 Ra7
37.f4 exf4 38.gxf4 Rd7 39.b4 Nf5 40.Qe1 Nh5 41.Qf2 Rd3 42.Be5 Ne7 43.f5 gxf5
44.Qe2 fxe4 45.Qxh5 Ng6 46.Nxe4 Bg7 47.Nf2 Rd5 48.Qg4 f5 49.Qg3 Nxe5 50.Nxe5 Rxe5
51.bxc5 Re3 52.Qd6 Qxd6 53.cxd6 Re8 54.d7 Rd8 55.Rc8 Bf6 56.Nd3 Kf7 57.Nc5 Ke7
58.Kf3 Be5 59.Ke3 Bd6 60.Rxd8 Kxd8 61.Ne6+ Kxd7 62.Ng7  1/2-1/2

[Event "WYb14"]
[Site "Kemer TUR"]
[Date "2007.11.21"]
[Round "4"]
[White "Klecker,T"]
[Black "Schneider,Raf"]
[Result "1-0"]
[WhiteElo "2078"]
[BlackElo "1752"]

1.d4 Nf6 2.c4 g6 3.g3 Bg7 4.Bg2 O-O 5.Nf3 d6 6.O-O Nbd7 7.Nc3 e5 8.e4 a6
9.h3 b5 10.dxe5 dxe5 11.cxb5 axb5 12.Nd5 Nxd5 13.Qxd5 Nb6 14.Qb3 Be6 15.Qc2 Qc8
16.Kh2 Rb8 17.Be3 f5 18.exf5 gxf5 19.Rac1 f4 20.Bc5 Bf5 21.Qb3+ Be6 22.Qxb5 Nd7
23.Qc6 Nxc5 24.Rxc5 Rxb2 25.Ng5 fxg3+ 26.Kxg3 Rf6 27.Nxe6 Rb6 28.Qxb6 Rxe6
29.Qxe6+  1-0

[Event "WYb16"]
[Site "Kemer TUR"]
[Date "2007.11.22"]
[Round "5"]
[White "Arnold,M"]
[Black "Davletbakov,S"]
[Result "1-0"]
[WhiteElo "2294"]
[BlackElo "2174"]

1.d4 Nf6 2.c4 g6 3.Nf3 Bg7 4.g3 O-O 5.Bg2 d6 6.O-O Nbd7 7.Nc3 e5 8.e4 c6
9.h3 Re8 10.Re1 Qc7 11.Be3 a6 12.Rc1 Qb8 13.dxe5 dxe5 14.c5 b5 15.cxb6 Nxb6
16.Nxe5 Rxe5 17.Qd8+ Re8 18.Qxb6 Qxb6 19.Bxb6 Nd7 20.Be3 Ne5 21.Rc2 Rb8 22.Rd1 Nc4
23.Bc1 Be6 24.b3 Na5 25.Bf4 Rbc8 26.Rdc1 Bf8 27.Bf1 Ra8 28.Bc7 Nb7 29.Na4 c5
30.Bb6 Rec8 31.Nxc5 Bh6 32.f4 Rc6 33.Nxe6 Rxe6 34.Rc6 Ree8 35.e5 Bf8 36.Bg2 Rab8
37.Ba7 Ra8 38.Bf2  1-0

[Event "KNSB TCh-NED 2007-8"]
[Site "Netherlands NED"]
[Date "2007.11.24"]
[Round "4"]
[White "Kabatianski,A"]
[Black "Visser,Y"]
[Result "1/2-1/2"]
[WhiteElo "2427"]
[BlackElo "2470"]

1.d4 Nf6 2.Nf3 g6 3.c4 Bg7 4.g3 O-O 5.Bg2 d6 6.O-O Nbd7 7.Nc3 e5 8.e4 a6
9.h3 Rb8 10.b3 exd4 11.Nxd4 Re8 12.Re1 c5 13.Nc2 Ne5 14.a4 Nc6 15.Rb1 Be6
16.Bb2 Na5 17.Ba1 Qc7 18.Qd2 Bd7 19.Ne3 Nc6 20.Ne2 Ne5 21.Nc3 Nc6 22.Ne2  1/2-1/2

[Event "WYb16"]
[Site "Kemer TUR"]
[Date "2007.11.26"]
[Round "9"]
[White "Duport,N SUI"]
[Black "Kleijn,C"]
[Result "0-1"]
[WhiteElo "2075"]
[BlackElo "2210"]

1.d4 Nf6 2.c4 g6 3.Nf3 Bg7 4.g3 d6 5.Bg2 O-O 6.O-O Nbd7 7.Nc3 e5 8.e4 exd4
9.Nxd4 Re8 10.h3 a6 11.Re1 Rb8 12.Rb1 Ne5 13.b3 c5 14.Nc2 Qa5 15.Bb2 Bd7
16.f4 Nc6 17.a4 Nh5 18.Qf3 Nd4 19.Nxd4 Bxd4+ 20.Kh2 Bc6 21.Re2 f5 22.Qd3 Ng7
23.Nd5 Bxd5 24.exd5 Rxe2 25.Qxe2 Re8 26.Qc2 Bxb2 27.Qxb2 Re1 28.Rxe1 Qxe1
29.Qf6 Qxg3+ 30.Kh1 Qe1+ 31.Kh2 Ne8 32.Qd8 Kf8 33.Qb6 Qb4 34.Qxb4 cxb4 35.Kg1 Nf6
36.Kf2 Nd7 37.Bf3 Nc5 38.Bd1 a5 39.h4 Ke7 40.h5 gxh5 41.Kg3 Kf6 42.Bc2 Ne4+
43.Kh4 Nc3 44.Bd3 Kg6 45.Bf1 b6 46.Bd3 h6 47.Bf1 Kf6 48.Bd3 Na2 49.Bc2 Nc1
50.Bd1 Nd3 51.Kg3 h4+ 52.Kf3 h3  0-1

[Event "WYb16"]
[Site "Kemer TUR"]
[Date "2007.11.28"]
[Round "11"]
[White "Arnold,M"]
[Black "Barbosa,E"]
[Result "1/2-1/2"]
[WhiteElo "2294"]
[BlackElo "2135"]

1.d4 Nf6 2.c4 g6 3.Nf3 Bg7 4.g3 O-O 5.Bg2 d6 6.O-O Nc6 7.Nc3 a6 8.b3 Rb8
9.Nd5 Nh5 10.e3 e6 11.Nc3 b5 12.Qe2 Bd7 13.Rd1 Qe7 14.Bb2 Rfe8 15.Rac1 Na5
16.Ba1 c6 17.Ne4 f5 18.Ned2 e5 19.b4 Nb7 20.c5 e4 21.Ne1 d5 22.Nc2 Nf6 23.f4 exf3
24.Nxf3 Nd8 25.a4 Nf7 26.axb5 axb5 27.Bc3 Bh6 28.Re1 Ra8 29.Qd3 Ng4 30.Bd2 Ng5
31.Nxg5 Bxg5 32.Ra1 h5 33.Rxa8 Rxa8 34.Rf1 Kg7 35.h3 Nf6 36.Ra1 Rxa1+ 37.Nxa1 h4
38.gxh4 Bxh4 39.Nc2 Ne4 40.Be1 Bxe1 41.Nxe1 Qh4 42.Qe2 Qg3 43.Nd3 g5 44.Qe1 Qxe1+
45.Nxe1 Nc3 46.Kf2 Na2 47.Nd3 Be8 48.Bf1 Bg6 49.Kg3 Kf6 50.Be2 Nc3 51.Nc1  1/2-1/2

[Event "Open"]
[Site "Rijeka CRO"]
[Date "2007.11.30"]
[Round "7"]
[White "Golubovic,B"]
[Black "Muhvic,D"]
[Result "1/2-1/2"]
[WhiteElo "2437"]
[BlackElo "2249"]

1.d4 d6 2.c4 g6 3.Nf3 Bg7 4.g3 Nf6 5.Bg2 O-O 6.O-O Nc6 7.Nc3 a6 8.b3 Bf5
9.Bb2 Ne4 10.Nxe4 Bxe4 11.Qd2 e5 12.dxe5 dxe5 13.Qxd8 Raxd8 14.Rfd1 Rfe8  1/2-1/2

[Event "Open"]
[Site "Rijeka CRO"]
[Date "2007.11.30"]
[Round "7"]
[White "Skoberne,J"]
[Black "Pandurevic,M"]
[Result "1-0"]
[WhiteElo "2484"]
[BlackElo "2270"]

1.c4 Nf6 2.Nf3 g6 3.d4 d6 4.g3 Bg7 5.Bg2 O-O 6.Nc3 c6 7.O-O Qb6 8.h3 Bf5
9.Ne1 e5 10.e4 Be6 11.d5 cxd5 12.cxd5 Bd7 13.Nd3 Nh5 14.Be3 Qd8 15.Rc1 a6
16.a4 f5 17.exf5 Bxf5 18.Ne4 Bxe4 19.Bxe4 Nf6 20.Bg2 Nbd7 21.Qb3 b6 22.Rc6 Nc5
23.Qc2 a5 24.Rb1 Rc8 25.b4 axb4 26.Rxb4 Nfd7 27.Nxc5 dxc5 28.Rb5 Ra8 29.Qc4 Kh8
30.Re6 Ra7 31.d6 Re8 32.Bg5 Nf6 33.Rxe8+ Qxe8 34.Rxb6 Rxa4 35.Qxc5 h6 36.Bxf6 Bxf6
37.d7 Qd8 38.Rxf6  1-0

[Event "Parsvnath ch-Commonwealth"]
[Site "New Delhi IND"]
[Date "2007.12.03"]
[Round "1"]
[White "Ravi,L"]
[Black "Gagare,Shal"]
[Result "1-0"]
[WhiteElo "2388"]
[BlackElo "1988"]

1.c4 g6 2.d4 Nf6 3.Nf3 Bg7 4.g3 O-O 5.Bg2 d6 6.O-O c6 7.b3 Qa5 8.h3 Nbd7
9.Bd2 Qc7 10.Nc3 e5 11.e4 exd4 12.Nxd4 a5 13.Be3 Nc5 14.Qc2 Re8 15.Rad1 Bd7
16.Rfe1 Rad8 17.Bg5 h6 18.Bf4 Nh5 19.Be3 Nf6 20.Kh2 Kh7 21.f4 Bc8 22.Bf2 Ne6
23.Nf3 Nd7 24.Na4 Ndc5 25.Nc3 b6 26.a3 Na6 27.Rd2 Nec5 28.Nd4 Bb7 29.Red1 Ne6
30.Ndb5 cxb5 31.Nxb5 Qb8 32.Nxd6 Re7 33.Bxb6 Bxe4 34.Qxe4 Qxb6 35.f5 Nac5
36.Qe2 gxf5 37.Nxf5 Rxd2 38.Rxd2 Re8 39.Qg4 Rg8 40.Qh5 Qc7 41.b4 axb4 42.axb4 Nb3
43.Rd6 Rd8 44.c5 Rxd6 45.cxd6 Qd7 46.Qg4 Ng5 47.h4 Nd4 48.hxg5 Nxf5 49.Be4 Qxd6
50.Qxf5+ Kg8 51.Bd5 Qe7 52.g6  1-0

[Event "Parsvnath ch-Commonwealth"]
[Site "New Delhi IND"]
[Date "2007.12.06"]
[Round "6"]
[White "Surendran,N"]
[Black "Hapuarachchi,H"]
[Result "1-0"]
[WhiteElo "2126"]
[BlackElo "1922"]

1.d4 Nf6 2.Nf3 g6 3.c4 Bg7 4.g3 O-O 5.Bg2 d6 6.O-O c5 7.Nc3 e6 8.Qc2 a6 9.Rd1 cxd4
10.Nxd4 Qc7 11.Qd3 Rd8 12.Bg5 h6 13.Bxf6 Bxf6 14.Rac1 Nc6 15.Nd5 exd5 16.cxd5 Ne5
17.Rxc7 Nxd3 18.Rxd3 Rd7 19.Rc2 Re7 20.e3 Kg7 21.b4 Bf5 22.Nxf5+ gxf5 23.Rc4 Kg6
24.Rd2 Rae8 25.Rdc2 Bg5 26.h4 Bf6 27.Rf4 Be5 28.Rf3 Bf6 29.Rc4 Re4 30.Rf4 Rxf4
31.Rxf4 Rc8 32.Bh3 Rc1+ 33.Kg2 Ra1 34.Bxf5+ Kg7 35.Bc8 Rxa2 36.Bxb7 Bc3 37.h5 Rb2
38.Bxa6 Rxb4 39.Bc4 Rb2 40.Bd3 Rb4 41.Rf5 Rb2 42.g4 Bf6 43.Be4 Ra2 44.Kg3 Ra3
45.Kf4 Bh4 46.g5 Bxg5+ 47.Rxg5+ hxg5+ 48.Kxg5 Ra2 49.h6+ Kh8 50.f3 Ra3 51.Kf6 Rxe3
52.Kxf7 Ra3 53.Ke6 Ra6 54.Bg6 Ra4 55.h7 Rh4 56.Bf5 Rh6+ 57.Ke7 Kg7 58.Be6 Rxh7
59.f4 Kg6+ 60.Kxd6 Kf6 61.f5 Ra7 62.Kc6 Ra1 63.Kd7 Ra7+ 64.Kd8 Ra8+ 65.Kc7 Ra7+
66.Kb6 Ra1 67.d6 Rb1+ 68.Kc7 Rh1 69.d7 Rc1+ 70.Kd6 Rd1+ 71.Bd5  1-0

[Event "TCh-HUN 2007-8"]
[Site "Budapest HUN"]
[Date "2007.12.09"]
[Round "4"]
[White "Szekeres,R"]
[Black "Hando,V"]
[Result "1-0"]
[WhiteElo "2238"]
[BlackElo "2194"]

1.d4 Nf6 2.c4 g6 3.Nf3 Bg7 4.g3 O-O 5.Bg2 d6 6.O-O Nc6 7.Nc3 e5 8.d5 Na5
9.Nd2 c5 10.Qc2 Bd7 11.Rb1 Rc8 12.b3 a6 13.Bb2 b5 14.Nd1 Bh6 15.Bc3 Nh5 16.Bf3 Ng7
17.Ne4 Ne8 18.Bd2 Bg7 19.Bg2 f5 20.Ng5 h6 21.Ne6 Bxe6 22.dxe6 Nc6 23.e3 e4
24.f3 exf3 25.Bxf3 Qe7 26.Nc3 Nb4 27.Nd5 Qxe6 28.Bxb4 cxb4 29.Qd2 Bc3 30.Nxc3 bxc3
31.Bd5 cxd2 32.Bxe6+ Kg7 33.Bxc8 Nf6 34.Bb7 Rb8 35.Bf3 Re8 36.Kf2  1-0

[Event "KNSB TCh-NED 2007-8"]
[Site "Netherlands NED"]
[Date "2007.12.15"]
[Round "5"]
[White "Hoffmann,Mi1"]
[Black "Burg,T"]
[Result "1/2-1/2"]
[WhiteElo "2471"]
[BlackElo "2275"]

1.d4 Nf6 2.c4 g6 3.Nf3 Bg7 4.g3 O-O 5.Bg2 d6 6.O-O Nbd7 7.d5 e5 8.dxe6 fxe6
9.Nc3 Nb6 10.b3 d5 11.Ba3 Re8 12.Qc2 c6 13.Rad1 Qc7 14.Nb1 e5 15.cxd5 Bf5
16.Qc1 Nbxd5 17.Bb2  1/2-1/2

[Event "7th Amplico AIG Life"]
[Site "Warsaw POL"]
[Date "2007.12.15"]
[Round "6"]
[White "Urban,K"]
[Black "Budrewicz,K"]
[Result "1-0"]
[WhiteElo "2489"]
[BlackElo "2277"]

1.Nf3 Nf6 2.c4 g6 3.g3 Bg7 4.d4 O-O 5.Bg2 d6 6.Nc3 Nc6 7.O-O e5 8.h3 h6 9.Be3 exd4
10.Nxd4 Bd7 11.Qd2 Kh7 12.Rac1 Re8 13.Rfd1 a6 14.c5 Qc8 15.cxd6 Bxh3 16.Nxc6 bxc6
17.Bxc6 cxd6 18.Bxe8 Qxe8 19.Qxd6 Ng4 20.Qf4 h5 21.Bd4 Bh6 22.Qe4 Bxc1 23.Qxe8 Rxe8
24.Rxc1 Nh6 25.e3 Rc8 26.Rd1 Bf5 27.Be5 Ng4 28.Bf4 Rc6 29.f3 Nf6 30.Kf2 Be6
31.e4 Nd7 32.Rd6 Rxd6 33.Bxd6 g5 34.b3 Kg6 35.Ne2 Nf6 36.Be7 Ng8 37.Bd8 f6
38.f4 gxf4 39.Nxf4+ Kf7 40.Nxh5 Bg4 41.Nf4 Ke8 42.Bb6 Kd7 43.Bd4 f5 44.Nd3 Kd6
45.Ke3 fxe4 46.Kxe4 Bd1 47.Nc5 Be2 48.Ke3 Bf1 49.Kf2 Bb5 50.a4 Be8 51.Nxa6 Kd5
52.Ke3 Bf7 53.b4 Ne7 54.g4 Kc4 55.Bc5 Nd5+ 56.Kf3 Be8 57.a5 Bc6 58.Kg3 Bb7
59.Nb8 Nc3 60.a6 Ba8 61.Kf4 Kd5 62.g5 Ke6 63.Ke3 Nd5+ 64.Kd4 Nc7 65.Bb6 Nd5
66.Kc5 Nf4 67.b5 Nd3+ 68.Kd4 Ne5 69.Bd8 Kd6 70.Bf6 Nf3+ 71.Kc4 Nd2+ 72.Kd3 Ne4
73.b6 Nc5+ 74.Kc4 Bd5+ 75.Kb5 Ne6 76.b7 Nc7+ 77.Kb6 Nxa6 78.Nxa6  1-0

[Event "7th Amplico AIG Life"]
[Site "Warsaw POL"]
[Date "2007.12.16"]
[Round "9"]
[White "Grabarczyk,M"]
[Black "Kopczynski,M"]
[Result "1-0"]
[WhiteElo "2464"]
[BlackElo "2240"]

1.d4 Nf6 2.c4 g6 3.Nf3 Bg7 4.g3 d6 5.Bg2 O-O 6.Nc3 Nfd7 7.O-O e5 8.Bg5 f6
9.Be3 Nc6 10.Qd2 f5 11.dxe5 dxe5 12.Rad1 Nf6 13.Qxd8 Nxd8 14.Nxe5 Be6 15.Bd4 Re8
16.b3 c6 17.Nd3 Bf7 18.Nc5 b6 19.Na6 Rc8 20.e3 Ne6 21.Be5 g5 22.Nb4 Nc5 23.Bd4 Bh5
24.Bxc6 Re6 25.Bd5 Nxd5 26.cxd5 Rd6 27.Rc1 Rd7 28.Bxg7 Kxg7 29.f3 a5 30.Nc6 Re8
31.Rce1 Bg6 32.f4 Nd3 33.Re2 Bh5 34.Rd2 Rxe3 35.fxg5 Ne1 36.Nd4 Bg4 37.Nd1 Re5
38.Nf2 Rdxd5 39.Nxg4 fxg4 40.Ne6+ Rxe6 41.Rxd5 Nf3+ 42.Kf2 Rc6 43.h4 Rc2+
44.Ke3 Rxa2 45.Rc1 Kf7 46.Rd6 b5 47.Rc7+ Ke8 48.Ra6 Rd2 49.Ra8+ Rd8 50.Rxd8+ Kxd8
51.Rxh7 Ne5 52.Ra7 Nc6 53.Ra6 Nb4 54.Rxa5  1-0

[Event "7th Amplico AIG Life"]
[Site "Warsaw POL"]
[Date "2007.12.16"]
[Round "11"]
[White "Ajrapetjan,Y"]
[Black "Mickiewicz,P"]
[Result "1-0"]
[WhiteElo "2420"]
[BlackElo "2306"]

1.d4 Nf6 2.c4 g6 3.g3 Bg7 4.Bg2 d6 5.Nf3 O-O 6.O-O Nbd7 7.Nc3 e5 8.Qc2 c6
9.Rd1 Qe7 10.b3 exd4 11.Nxd4 Nc5 12.Bf4 Nfd7 13.b4 Bxd4 14.Rxd4 Ne6 15.Rd3 Nxf4
16.gxf4 Nb6 17.Rd4 f5 18.Rad1 Be6 19.Na4 Nxa4 20.Qxa4 Rfd8 21.b5 c5 22.R4d3 a6
23.Re3 axb5 24.Qxb5 Kf8 25.Bd5 Bxd5 26.Rxe7 Bc6 27.Qb2 Kxe7 28.Qg7+ Ke6 29.Rd3 Be4
30.Re3 d5 31.cxd5+ Kxd5 32.Qxb7+ Kd6 33.Qb6+ Kd7 34.f3 Rab8 35.Qxc5 Rbc8
36.Qd4+ Kc6 37.Rc3+ Kb5 38.Rb3+ Kc6 39.Rb6+ Kc7 40.Qc5+ Kd7 41.Rd6+ Ke7 42.Qe5+  1-0

[Event "7th Amplico AIG Life"]
[Site "Warsaw POL"]
[Date "2007.12.16"]
[Round "13"]
[White "Grabarczyk,M"]
[Black "Kempinski,T"]
[Result "1-0"]
[WhiteElo "2464"]
[BlackElo "2259"]

1.d4 Nf6 2.c4 g6 3.Nf3 Bg7 4.g3 O-O 5.Bg2 d6 6.Nc3 Nbd7 7.O-O e5 8.e4 c6
9.h3 Qe7 10.Be3 Ne8 11.Qd2 f5 12.Rfe1 Nef6 13.exf5 gxf5 14.Nh4 Nb6 15.b3 Qf7
16.Rad1 Ne8 17.dxe5 dxe5 18.Bc5 Nd7 19.Bxf8 Nxf8 20.Nf3 Ng6 21.h4 e4 22.Ng5 Qf8
23.Ne2 h6 24.Nh3 Ne5 25.Nhf4 Nf6 26.Qd8 Bd7 27.Qxf8+ Bxf8 28.Nd4 Re8 29.Nc2 a5
30.Ne3 Bb4 31.Rf1 Re7 32.Bh3 Nfg4 33.Bxg4 fxg4 34.Kg2 Kf7 35.Ra1 Nf3 36.Rfd1 Bc3
37.Rac1 Be5 38.Ne2 Kg6 39.Nc3 Bd4 40.Ne2 Be5 41.c5 h5 42.Nc4 Bc7 43.Nd6 e3
44.Nf4+ Kh6 45.fxe3 Rxe3 46.Nf7+ Kg7 47.Rxd7 Bxf4 48.Ng5+ Kf6 49.gxf4 Nxh4+
50.Kf2 Re8  1-0

[Event "Open A"]
[Site "Zadar CRO"]
[Date "2007.12.16"]
[Round "1"]
[White "Jankovic,A"]
[Black "Plenkovic,Z"]
[Result "0-1"]
[WhiteElo "2548"]
[BlackElo "2347"]

1.d4 Nf6 2.Nf3 g6 3.c4 Bg7 4.g3 O-O 5.Bg2 d6 6.O-O Nc6 7.Nc3 Bf5 8.d5 Na5
9.Nd4 Bd7 10.Qd3 c5 11.Nc2 a6 12.b3 Qc7 13.h3 b5 14.Rb1 b4 15.Nd1 Rae8 16.e4 e6
17.Nde3 exd5 18.exd5 Nh5 19.Kh2 f5 20.f4 Nb7 21.Nd1 a5 22.a4 Rf7 23.Nf2 Nf6
24.Bb2 Rfe7 25.Bf3 Qc8 26.Rg1 Nh5 27.Bxh5 gxh5 28.Bxg7 Kxg7 29.Rbe1 Rxe1
30.Rxe1 Rxe1 31.Nxe1 Qe8 32.Nf3 Nd8 33.Nh4 Qf7 34.Nd1 Qf6 35.Ne3 Nf7 36.Nhxf5+ Kf8
37.Nh4 Qb2+ 38.Qc2 Qg7 39.Nd1 Qd4 40.Nf3 Qg7 41.Ne3 Ke7 42.Kg2 Kd8 43.h4 h6
44.Kf2 Kc7 45.Nd2 Bc8 46.Nf3 Bd7 47.Nd1 Bg4 48.Qb2 Qg6 49.Ne3 Bd7 50.Nd2 Qd3
51.Qc2 Qd4 52.Ke2 Qg7 53.Kf2 Qd4 54.Nf3 Qg7 55.Qd2 Bc8 56.Ne1 Bd7 57.Qc2 Bc8
58.Qe2 Qg6 59.N1g2 Bd7 60.f5 Qf6 61.Nf4 Qc3 62.Ne6+ Kb6 63.Qxh5 Ne5 64.Qd1 Bxa4
65.bxa4 b3 66.Nf4 b2 67.Nc2 Ng4+ 68.Ke2 Qxc4+ 69.Nd3 Ne5 70.Ne1 Qg4+  0-1

[Event "XX Carlos Torre Magistral"]
[Site "Merida MEX"]
[Date "2007.12.17"]
[Round "4"]
[White "Bruzon Batista,L"]
[Black "Gongora Montes,B"]
[Result "1-0"]
[WhiteElo "2607"]
[BlackElo "2270"]

1.d4 Nf6 2.c4 g6 3.Nf3 Bg7 4.g3 d6 5.Bg2 O-O 6.O-O Nbd7 7.Qc2 e5 8.Rd1 Re8
9.dxe5 dxe5 10.e4 c6 11.h3 Qc7 12.c5 a5 13.Be3 Bf8 14.Nbd2 Qb8 15.a4 Qa7
16.Rac1 Nb8 17.Qc3 Nfd7 18.Nb3 f6 19.Nfd2 Kg7 20.Nc4 Nxc5 21.Nxc5 Bxc5 22.Nd6 Bxe3
23.Nxe8+ Kf8 24.fxe3 Kxe8 25.Qb3  1-0

[Event "4th SICC Masters"]
[Site "Singapore SIN"]
[Date "2007.12.17"]
[Round "2"]
[White "Paragua,M"]
[Black "Wan Yunguo"]
[Result "0-1"]
[WhiteElo "2514"]
[BlackElo "2370"]

1.d4 Nf6 2.c4 g6 3.Nf3 Bg7 4.g3 O-O 5.Bg2 d6 6.O-O c6 7.Nc3 Qa5 8.e3 e5 9.Qc2 Re8
10.Rd1 e4 11.Nd2 d5 12.Rb1 Na6 13.a3 Qd8 14.b4 Bg4 15.Re1 Rc8 16.h3 Bd7 17.a4 h5
18.b5 Nc7 19.b6 axb6 20.Rxb6 Rb8 21.cxd5 cxd5 22.Ba3 Ne6 23.Reb1 Bc6 24.R6b2 Ra8
25.Bb4 Nd7 26.Qb3 Kh7 27.Ra2 Nf6 28.f4 exf3 29.Nxf3 Ne4 30.Ne5 Bxe5 31.dxe5 Qg5
32.Nxe4 dxe4 33.Rf1 Qxg3 34.Rxf7+ Kh6 35.Qc3 Rad8 36.Bd6 h4 37.Raf2 Ng5 38.e6 Rxd6
39.Qg7+ Kh5  0-1

[Event "4th SICC Masters"]
[Site "Singapore SIN"]
[Date "2007.12.18"]
[Round "3"]
[White "Shen Siyuan"]
[Black "Girinath,P"]
[Result "1/2-1/2"]
[WhiteElo "2337"]
[BlackElo "2448"]

1.d4 Nf6 2.Nf3 g6 3.g3 Bg7 4.Bg2 O-O 5.c4 d6 6.Nc3 Nc6 7.O-O a6 8.e3 Rb8
9.Qe2 b5 10.Nd2 Bg4 11.f3 Bc8 12.b3 Na5 13.Bb2 c5 14.dxc5 dxc5  1/2-1/2

[Event "Open A"]
[Site "Zadar CRO"]
[Date "2007.12.18"]
[Round "4"]
[White "Biliskov,V"]
[Black "Stupavski,Z"]
[Result "0-1"]
[WhiteElo "2326"]
[BlackElo "2392"]

1.d4 Nf6 2.Nf3 g6 3.c4 Bg7 4.g3 O-O 5.Bg2 d6 6.O-O c6 7.Nc3 Qb6 8.h3 Qa6
9.Qd3 Be6 10.b3 d5 11.Ne5 dxc4 12.Nxc4 Rd8 13.e4 Bxc4 14.bxc4 Nfd7 15.Rd1 Nb6
16.Ne2 Qxc4 17.Qf3 N8d7 18.Bg5 Nf6 19.a4 h6 20.Rdc1 Qe6 21.Nf4 Qxe4 22.Qxe4 Nxe4
23.Bxe7 Re8 24.Bxe4 Rxe7 25.Bf3 Bxd4 26.Ra2 a5 27.Nd3 Nd7 28.Rc4 Ne5 29.Nxe5 Bxe5  0-1